Fábián Ernö, a tanú és kritikus. (Olvasónapló}. {Fábián Ernö, martorul si criticul}. [Fábián Ernö: A Tanúra emlékezve]
Elmentve itt :
| Szerző: | |
|---|---|
| Adatforrás: | Meister |
| Forrásdokumentuma: | Korunk. - 2001. 5, 111-113. |
| Nyelv: | magyar |
| Kulcsszavak: | recenzió recenzie book review |
| LEADER | 00465nab a2200145 i 4500 | ||
|---|---|---|---|
| 001 | bibPRO00010983 | ||
| 008 | 080908s2001 xx hun | ||
| 040 | |a Sz1 | ||
| 041 | |a hun | ||
| 100 | 1 | |a BORCSA János | |
| 245 | 1 | 0 | |a Fábián Ernö, a tanú és kritikus. (Olvasónapló}. {Fábián Ernö, martorul si criticul}. [Fábián Ernö: A Tanúra emlékezve] |c BORCSA János |
| 695 | |a recenzió | ||
| 695 | |a recenzie | ||
| 695 | |a book review | ||
| 773 | 0 | |t Korunk. - |g 2001. 5, 111-113. | |